Logo BPK

Biblioteka

Politechniki Koszalińskiej

Processing of crystalline ceramics / (Rekord nr 18617)

Szczegóły MARC
000 -ETYKIETA REKORDU
podpole kontrolne o stałej długości 00706nam a2200241 i 4500
001 - NUMER KONTROLNY REKORDU
pole kontrolne bg
020 ## - MIĘDZYNARODOWY ZNORMALIZOWANY NUMER KSIĄŻKI - ISBN
ISBN 0306400359
040 ## - ŹRÓDŁO KATALOGOWANIA
Instytucja, która utworzyła rekord BPK
041 ## - KOD JĘZYKA
Kod języka tekstu pol
080 ## - UNIWERSALNA KLASYFIKACJA DZIESIĘTNA - UKD
UKD 666(061)
920 ## - Międzynarodowy znormalizowany numer książki – ISBN
ISBN 0-306-40035-9
008 - POLE O STAŁEJ DŁUGOŚCI - DANE KONTROLNE
podpole kontrolne o stałej długości s pl f |000 0 pol
245 #0 - TYTUŁ/ODPOWIEDZIALNOŚĆ
Tytuł Processing of crystalline ceramics /
Pozostałe elementy strefy tytułu i oznaczenia odpowiedzialności ed. by Hayne Palmour III, R. F. Davis and T. M. Hare.
260 ## - STREFA ADRESU WYDAWNICZEGO
Miejsce wydania New York :
Nazwa wydawcy/dystrybutora Plenum Press,
Data publikacji, dystrybucji/powstania dokumentu 1976.
490 1# - STREFA SERII I DOKUMENTU WIELOCZĘŚCIOWEGO - FORMA NIE DO WYSZUKIWANIA
Tytuł i oznaczenie odpowiedzialności serii Materials Science Research ;
Numeracja w obrębie serii Vol. 11
650 #9 - HASŁO PRZEDMIOTOWE W FORMIE NAZWY OGÓLNEJ LUB JEDNOSTKOWEJ
Nazwa ogólna lub geograficzna Ceramika
655 ## - TERMIN INDEKSOWY - OKREŚLENIE RODZAJU/FORMY DOKUMENTU
Określenie rodzaju/formy dokumentu Materiały konferencyjne
700 1# - HASŁO DODATKOWE - NAZWA OSOBOWA
Nazwa osobowa Palmour, Hayne
700 1# - HASŁO DODATKOWE - NAZWA OSOBOWA
Nazwa osobowa Foster, Davis Robert
Daty związane z nazwą (1942- )
700 1# - HASŁO DODATKOWE - NAZWA OSOBOWA
Nazwa osobowa Hare, Thomas M.
Daty związane z nazwą (1943- )
830 ## - HASŁO DODATKOWE SERII LUB DOKUMENTU WIELOCZĘŚCIOWEGO - TYTUŁ UJEDNOLICONY
Tytuł ujednolicony Materials Science Research ;
856 ## - LOKALIZACJA I DOSTĘP DO ELEKTRONICZNYCH DOKUMENTÓW ZDALNYCH
Link (URL) http://koha.tu.koszalin.pl/cgi-bin/koha/opac-detail.pl?biblionumber=18617
Tekst linku Katalog online BPK
942 ## - DODATKOWE ELEMENTY (KOHA)
Typ dokumentu Książka
Egzemplarze
Wycofany Status egzemplarza Uszkodzony Dostępność Lokalizacja stała Lokalizacja bieżąca Miejsce przechowywania Sygnatura Kod kreskowy Typ dokumentu
      Dostępny Biblioteka Politechniki Koszalińskiej Biblioteka Politechniki Koszalińskiej Wypożyczalnia BG 25967 01925869 Książka
© 2023 Biblioteka Politechniki Koszalińskiej :: KOHA